| 000 | 00990nam a22002177a 4500 | ||
|---|---|---|---|
| 003 | OSt | ||
| 005 | 20250918163107.0 | ||
| 008 | 240401b ||||| |||| 00| 0 eng d | ||
| 040 | _c0 | ||
| 082 | _aDPer 621.381 In821 September 2022 v. 37 n. 9 | ||
| 100 |
_aWang, Cong. _eauthor. _955600 |
||
| 245 |
_aA PWM method of H-bridge converter with temperature rise balancing and minimization based on periodically alternating employment of power devices / _cCong Wang, Changgeng Tian, Hong Cheng, and Jiaqing Deng. |
||
| 260 |
_aNew York ; _bThe Institute of Electrical and Electronics Engineers, Inc. , _cSeptember 2022. |
||
| 300 |
_avolume 37, pages 11135-11151 : _billustration ; _c28 cm. |
||
| 500 | _aIEEE Transitions on Power Electronics, v. 37 n. 9, pages 11135-11151, September 2022. | ||
| 700 |
_aWang, Cong. _eauthor. _955600 |
||
| 700 |
_aTian, Changgeng. _eauthor. _955601 |
||
| 700 |
_aCheng, Hong. _eauthor. _955602 |
||
| 700 |
_aDeng, Jiaqing. _eauthor. _955603 |
||
| 942 |
_2ddc _cPER |
||
| 999 |
_c19914 _d19914 |
||